000 00684nam a2200193Ii 4500
003 JO-AjNU
008 230605s9999||||xx |||||||||||||| ||und||
040 _aJO-AjNU
_bara
_erda
_cJO-AjNU
041 _aara
050 1 4 _aKMM394.6.A29.2013
100 3 _aد،م,
_eauthor
_950002
245 0 0 _aقانون العقوبات الأردني رقم(16) لسنة 1960م وتعديلاته : قانون العفو العام رقم (15) لسنة 2011م
264 3 1 _aد،م: د،ن، 2013
300 _a256ص
336 _atext
_btxt
_2rdacontent
337 _aunmediated
_bn
_2rdamedia
338 _avolume
_bnc
_2rdacarrier
650 4 _aقانون العقوبات -- الأردن
_950003
999 _aA21998
_c25566
_d25566